India’s West Asia policy: Limits of Bilateralism (Record no. 519881)

000 -LEADER
fixed length control field 01410nam a22001457a 4500
008 - FIXED-LENGTH DATA ELEMENTS--GENERAL INFORMATION
fixed length control field 220511b ||||| |||| 00| 0 eng d
100 ## - MAIN ENTRY--PERSONAL NAME
Personal name Shah, Mumtaz Ahmad
245 ## - TITLE STATEMENT
Title India’s West Asia policy: Limits of Bilateralism
260 ## - PUBLICATION, DISTRIBUTION, ETC. (IMPRINT)
Place of publication, distribution, etc World Affairs
300 ## - PHYSICAL DESCRIPTION
Extent 25(4), Oct-Dec, 2021: p. 60-77
520 ## - SUMMARY, ETC.
Summary, etc Mumtaz Ahmad Shah observes that India’s relations with West Asia have evolved through various phases. At first there was anti-colonial solidarity with the Arab World with regard to the Palestinian cause, in view of India’s domestic political equation, but over time, various challenges and opportunities reset the trajectory of India’s West Asia policy. Against this backdrop, the following study aims to trace how India came to embrace multi-alignment in the post-Cold War period; it assesses whether the delicate balancing act between support for the Palestinian cause and expanding relations with Israel at one level and simultaneously nurturing ties with Israel, Iran, and Saudi Arabia at another level has worked. The paper argues that India’s policy of bilateralism and support of Arab secular nationalism has been unsustainable in West Asia, and that New Delhi has come to follow selected preferences based on a hierarchy of economic and strategic priorities. – Reproduced
773 ## - HOST ITEM ENTRY
Main entry heading World Affairs
906 ## - LOCAL DATA ELEMENT F, LDF (RLIN)
Subject DIP INDIA - FOREIGN RELATIONS - WEST ASIA
942 ## - ADDED ENTRY ELEMENTS (KOHA)
Item type Articles
Holdings
Withdrawn status Lost status Source of classification or shelving scheme Damaged status Not for loan Permanent location Current location Date acquired Serial Enumeration / chronology Barcode Date last seen Koha item type
          Indian Institute of Public Administration Indian Institute of Public Administration 2022-05-11 25(4), Oct-Dec, 2021: p. 60-77 AR126662 2022-05-11 Articles

Powered by Koha